Mal makedonsko-angliski reécnik = (Record no. 110396)

MARC details
000 -LEADER
campo de control de longitud fija 00955cam a2200301Ii 4500
001 - NÚMERO DE CONTROL
campo de control 48743
005 - FECHA Y HORA DE LA ÚLTIMA TRANSACCIÓN
campo de control 20230411085959.0
008 - DATOS DE LONGITUD FIJA--INFORMACIÓN GENERAL
campo de control de longitud fija 780329s1965 xx 000 0 mac d
035 ## - NÚMERO DE CONTROL DEL SISTEMA
Número de control de sistema (OCoLC)ocm03760951
040 ## - FUENTE DE CATALOGACIÓN
Centro catalogador/agencia de origen OSU
Centro/agencia transcriptor OSU
Centro/agencia modificador OCLCQ
-- NLGGC
019 ## -
-- 11255957
029 1# - OTRO NÚMERO DE CONTROL DE SISTEMA (OCLC)
Identificador de la biblioteca OCLC NLGGC
Número de control de sistema 108471217
035 ## - NÚMERO DE CONTROL DEL SISTEMA
Número de control de sistema (OCoLC)3760951
Número de control cancelado/no válido (OCoLC)11255957
041 0# - CÓDIGO DE IDIOMA
Código de lengua del texto/banda sonora o título independiente maceng
090 ## - LOCALMENTE ASIGNADO TIPO-LC NÚMERO DE CLASIFICACIÓN (OCLC); NÚMERO DE CLASIFICACIÓN LOCAL (RLIN)
Número de clasificación (OCLC) (R) ; Numero de clasificación, CALL (RLIN) (NR) PG1163
Número cutter local (OCLC) ; Número de libro/Signatura topográfica íntegra, CALL (RLIN) C955l 1965
049 ## - FONDOS LOCALES (OCLC)
Biblioteca depositaria GRAL
100 1# - ENTRADA PRINCIPAL--NOMBRE DE PERSONA
Nombre de persona Crvenkovski, Duésan.
245 10 - MENCIÓN DEL TÍTULO
Título Mal makedonsko-angliski reécnik =
Resto del título A little Macedonian-English dictionary /
Mención de responsabilidad, etc. Duésan Crvenkovski, Branislav Gruiâk.
260 ## - PUBLICACIÓN, DISTRIBUCIÓN, ETC.
Lugar de publicación, distribución, etc. Skopje :
Nombre del editor, distribuidor, etc. Prosvetno delo,
Fecha de publicación, distribución, etc. 1965.
300 ## - DESCRIPCIÓN FÍSICA
Extensión 390 p. ;
Dimensiones 15 cm.
650 #0 - PUNTO DE ACCESO ADICIONAL DE MATERIA--TÉRMINO DE MATERIA
Término de materia o nombre geográfico como elemento de entrada Macedonian language
Subdivisión de forma Dictionaries
Subdivisión general English.
650 17 - PUNTO DE ACCESO ADICIONAL DE MATERIA--TÉRMINO DE MATERIA
Término de materia o nombre geográfico como elemento de entrada Macedonisch.
Fuente del encabezamiento o término gtt
650 17 - PUNTO DE ACCESO ADICIONAL DE MATERIA--TÉRMINO DE MATERIA
Término de materia o nombre geográfico como elemento de entrada Engels.
Fuente del encabezamiento o término gtt
700 1# - ENTRADA AGREGADA--NOMBRE PERSONAL
Nombre de persona Grujiác, Branislav,
Término indicativo de función/relación joint author.
Título de la obra Mal makedonsko-angliski reécnik.
942 ## - ELEMENTOS DE ENTRADA SECUNDARIOS (KOHA)
Fuente del sistema de clasificación o colocación Clasificación de Library of Congress
Tipo de ítem Koha
946 ## - PROCESAMIENTO DE INFORMACIÓN LOCAL (OCLC)
a lmminaya
994 ## -
-- C0
-- DRFGD
Holdings
Estatus retirado Estado de pérdida Fuente del sistema de clasificación o colocación Estado de daño No para préstamo Colección Biblioteca de origen Biblioteca actual Ubicación en estantería Fecha de adquisición Código de barras Visto por última vez Copia número Tipo de ítem Koha
    Clasificación de Library of Congress     Automatización y Procesos Técnicos Biblioteca Juan Bosch Biblioteca Juan Bosch Automatización y Procesos Técnicos (1er. Piso) 11/04/2023 00000048894 17/02/2019 1